000 00293nam a22001097a 4500
008 230629b xxu||||| |||| 00| 0 eng d
082 _27
_a346.42
_bHAY.
245 _aCases and Commentary on the Law of Trusts
260 _aLondon
_bStevens & Sons
_c1980
300 _aXXXVII,736p
942 _2ddc
_cBK
999 _c3116
_d3116